Łatwe pytania z wiedzy ogólnej - Statystyki

Ogólne statystyki
  • Ten quiz został rozwiązany 54 razy
  • Średni wynik to 16 z 20
Statystyki odpowiedzi
Pytania Odpowiedzi % Poprawnych
Ile kontynentów wyróżniamy na Ziemi? 7
94%
Kto napisał „Pana Tadeusza”? Mickiewicz
94%
Ile minut trwa jedna połowa meczu piłki nożnej? 45
92%
Które państwo ma największą powierzchnię? Rosja
92%
Jak nazywa się największy ocean na Ziemi? Spokojny
90%
Która planeta Układu Słonecznego jest największa? Jowisz
88%
Jakie zwierzę jest symbolem Australii? Kangur
88%
Jaki pierwiastek ma symbol Fe? Żelazo
88%
Jak nazywa się najdłuższa rzeka świata (wg długości)? Nil
85%
Jaka jest stolica Kanady? Ottawa
83%
Jak nazywa się proces zamiany cieczy w gaz? Parowanie
81%
Jaki jest najwyższy szczyt świata? Mount Everest
81%
Jak nazywa się najbliższa gwiazda Ziemi? Słońce
81%
W jakim kraju wynaleziono papier? Chiny
75%
W którym roku upadł Mur Berliński? 1989
71%
Kto był pierwszym człowiekiem na Księżycu? Armstrong
71%
W jakiej jednostce mierzy się natężenie prądu? Amper
69%
Który kraj jako pierwszy wprowadził demokrację (starożytną)? Grecja
69%
Jak nazywa się największy ssak na Ziemi? Płetwal Błękitny
69%
Który język ma najwięcej rodzimych użytkowników? Mandaryński
50%
Nie znaleziono quizów pasujących do podanych kryteriów
Rozkład punktacji
Procent ludzi z każdym wynikiem
Percentyl według liczby udzielonych odpowiedzi
Twoja historia wyników
Nie rozwiązałeś tego quizu